00510nmm a2200169Ia 4500008004100000020001800041041000800059100004100067245002700108264007600135300001800211490001400229650002200243856005100265942000700316999001700323251105s9999||||xx |||||||||||||||||und|| a9788471486103 aspa aRodrigálvarez Fernández, Eduardo 0aCuando vengan los mios a[Madrid, España] :bElkar, c[Fecha de publicación no identificada] a296 páginas aNarrativa aSpanish narrative uhttps://public.digitaliapublishing.com/a/97267 cCF c84826d84826